A magyar profi labdarúgó klubok választható stratégiái – van választás?

Bibliographic Details
Main Author: Dénes Ábel
Other Authors: Bakacsi Prof. Dr. Gyula
Format: Thesis
Kulcsszavak:stratégia
labdarúgás
érték
Online Access:http://dolgozattar.uni-bge.hu/19614

MARC

LEADER 00000nta a2200000 i 4500
001 dolg19614
005 20181214152727.0
008 181214suuuu hu om 000 hun d
040 |a BGE Dolgozattár Repozitórium  |b hun 
041 |a hu 
100 1 |a Dénes Ábel 
245 1 2 |a A magyar profi labdarúgó klubok választható stratégiái – van választás?  |c Dénes Ábel  |h [elektronikus dokumentum] 
695 |a stratégia 
695 |a labdarúgás 
695 |a érték 
700 1 |a Bakacsi Prof. Dr. Gyula  |e ths 
856 4 0 |u http://dolgozattar.uni-bge.hu/19614/1/denesabel_thcien_vf.pdf  |z Dokumentum-elérés